<?xml version="1.0" encoding="UTF-8"?>
<record
    xmlns:xsi="http://www.w3.org/2001/XMLSchema-instance"
    xsi:schemaLocation="http://www.loc.gov/MARC21/slim http://www.loc.gov/standards/marcxml/schema/MARC21slim.xsd"
    xmlns="http://www.loc.gov/MARC21/slim">

  <leader>02329cam a2200325 i 4500</leader>
  <controlfield tag="003">SA-RiAUC</controlfield>
  <controlfield tag="005">20250923035844.0</controlfield>
  <controlfield tag="008">250901s2007    ua a   g      00000dara c</controlfield>
  <datafield tag="020" ind1=" " ind2=" ">
    <subfield code="a">9773413446</subfield>
  </datafield>
  <datafield tag="024" ind1="0" ind2=" ">
    <subfield code="a">00000000292600</subfield>
  </datafield>
  <datafield tag="040" ind1=" " ind2=" ">
    <subfield code="a">SA-JeALM</subfield>
    <subfield code="b">ara</subfield>
    <subfield code="c">SA-RiAUC</subfield>
    <subfield code="d">KAC</subfield>
    <subfield code="e">rda</subfield>
  </datafield>
  <datafield tag="043" ind1=" " ind2=" ">
    <subfield code="a">a-su---</subfield>
  </datafield>
  <datafield tag="082" ind1="0" ind2="4">
    <subfield code="a">915.304</subfield>
    <subfield code="q">SA-RiAUC</subfield>
  </datafield>
  <datafield tag="090" ind1=" " ind2=" ">
    <subfield code="a">915.304</subfield>
    <subfield code="b">&#x645; &#x62D; &#x645;</subfield>
  </datafield>
  <datafield tag="100" ind1="1" ind2=" ">
    <subfield code="a">&#x645;&#x62D;&#x645;&#x62F; &#x643;&#x631;&#x62F; &#x639;&#x644;&#x64A;&#x60C; &#x645;&#x62D;&#x645;&#x62F; &#x628;&#x646; &#x639;&#x628;&#x62F; &#x627;&#x644;&#x631;&#x632;&#x627;&#x642; &#x628;&#x646; &#x645;&#x62D;&#x645;&#x62F;&#x60C;</subfield>
    <subfield code="d">1876-1953</subfield>
    <subfield code="e">&#x645;&#x624;&#x644;&#x641;.</subfield>
  </datafield>
  <datafield tag="245" ind1="1" ind2="2">
    <subfield code="a">&#x627;&#x644;&#x631;&#x62D;&#x644;&#x629; &#x627;&#x644;&#x623;&#x646;&#x648;&#x631;&#x64A;&#x629; &#x625;&#x644;&#x649; &#x627;&#x644;&#x623;&#x635;&#x642;&#x627;&#x639; &#x627;&#x644;&#x62D;&#x62C;&#x627;&#x632;&#x64A;&#x629; &#x648;&#x627;&#x644;&#x634;&#x627;&#x645;&#x64A;&#x629; :</subfield>
    <subfield code="b">&#x648;&#x647;&#x64A; &#x635;&#x641;&#x62D;&#x627;&#x62A; &#x636;&#x645;&#x62A; &#x634;&#x645;&#x644; &#x645;&#x627; &#x62A;&#x641;&#x631;&#x642; &#x645;&#x646; &#x633;&#x64A;&#x627;&#x62D;&#x629; &#x631;&#x62C;&#x644; &#x627;&#x644;&#x639;&#x62B;&#x645;&#x627;&#x646;&#x64A;&#x64A;&#x646; &#x648;&#x628;&#x637;&#x644; &#x627;&#x644;&#x625;&#x633;&#x644;&#x627;&#x645; &#x648;&#x627;&#x644;&#x645;&#x633;&#x644;&#x645;&#x64A;&#x646; &#x635;&#x627;&#x62D;&#x628; &#x627;&#x644;&#x62F;&#x648;&#x644;&#x629; &#x648;&#x627;&#x644;&#x639;&#x637;&#x648;&#x641;&#x629; &#x623;&#x646;&#x648;&#x631; &#x628;&#x627;&#x634;&#x627; &#x648;&#x643;&#x64A;&#x644; &#x627;&#x644;&#x642;&#x627;&#x626;&#x62F; &#x627;&#x644;&#x623;&#x639;&#x638;&#x645;&#x60C; &#x648;&#x646;&#x627;&#x638;&#x631; &#x627;&#x644;&#x62D;&#x631;&#x628;&#x64A;&#x629; &#x627;&#x644;&#x62C;&#x644;&#x64A;&#x644;&#x629; &#x625;&#x644;&#x649; &#x627;&#x644;&#x645;&#x62F;&#x64A;&#x646;&#x629;&#x627;&#x644;&#x645;&#x646;&#x648;&#x631;&#x629; &#x648;&#x633;&#x648;&#x631;&#x64A;&#x629; &#x648;&#x641;&#x644;&#x633;&#x637;&#x64A;&#x646;&#x60C; &#x648;&#x645;&#x627; &#x642;&#x64A;&#x644; &#x645;&#x646; &#x627;&#x644;&#x62A;&#x646;&#x648;&#x64A;&#x647; &#x628;&#x623;&#x641;&#x636;&#x627;&#x644;&#x647; &#x639;&#x644;&#x649; &#x627;&#x644;&#x645;&#x644;&#x629; &#x648;&#x627;&#x644;&#x62F;&#x648;&#x644;&#x629; /</subfield>
    <subfield code="c">&#x62A;&#x623;&#x644;&#x64A;&#x641; &#x645;&#x62D;&#x645;&#x62F; &#x643;&#x631;&#x62F; &#x639;&#x644;&#x64A;.</subfield>
  </datafield>
  <datafield tag="250" ind1=" " ind2=" ">
    <subfield code="a">&#x627;&#x644;&#x637;&#x628;&#x639;&#x629; &#x627;&#x644;&#x623;&#x648;&#x644;&#x649;.</subfield>
  </datafield>
  <datafield tag="264" ind1=" " ind2="1">
    <subfield code="a">&#x627;&#x644;&#x642;&#x627;&#x647;&#x631;&#x629; :</subfield>
    <subfield code="b">&#x645;&#x643;&#x62A;&#x628;&#x629; &#x627;&#x644;&#x62B;&#x642;&#x627;&#x641;&#x629; &#x627;&#x644;&#x62F;&#x64A;&#x646;&#x64A;&#x629;&#x60C;</subfield>
    <subfield code="c">2007.</subfield>
  </datafield>
  <datafield tag="300" ind1=" " ind2=" ">
    <subfield code="a">215 &#x635;&#x641;&#x62D;&#x629; :</subfield>
    <subfield code="b">&#x635;&#x648;&#x631; &#x61B;</subfield>
    <subfield code="c">24 &#x633;&#x645;.</subfield>
  </datafield>
  <datafield tag="336" ind1=" " ind2=" ">
    <subfield code="a">&#x646;&#x635;</subfield>
    <subfield code="b">txt</subfield>
    <subfield code="2">rdacontent</subfield>
    <subfield code="3">&#x643;&#x62A;&#x627;&#x628;</subfield>
  </datafield>
  <datafield tag="337" ind1=" " ind2=" ">
    <subfield code="a">&#x628;&#x62F;&#x648;&#x646; &#x648;&#x633;&#x64A;&#x637;</subfield>
    <subfield code="b">n</subfield>
    <subfield code="2">rdamedia</subfield>
  </datafield>
  <datafield tag="338" ind1=" " ind2=" ">
    <subfield code="a">&#x645;&#x62C;&#x644;&#x62F;</subfield>
    <subfield code="b">nc</subfield>
    <subfield code="2">rdacarrier</subfield>
  </datafield>
  <datafield tag="505" ind1="0" ind2=" ">
    <subfield code="a">&#x627;&#x644;&#x645;&#x62D;&#x62A;&#x648;&#x64A;&#x627;&#x62A; : &#x641;&#x627;&#x62A;&#x62D;&#x629; &#x627;&#x644;&#x645;&#x637;&#x627;&#x641;-&#x641;&#x64A; &#x62D;&#x644;&#x628; &#x627;&#x644;&#x634;&#x647;&#x628;&#x627;&#x621;-&#x641;&#x64A; &#x62C;&#x628;&#x644; &#x644;&#x628;&#x646;&#x627;&#x646;-&#x62E;&#x637;&#x627;&#x628; &#x634;&#x628;&#x644;&#x64A; &#x628;&#x643; &#x645;&#x644;&#x627;&#x637;-&#x642;&#x635;&#x64A;&#x62F;&#x629; &#x623;&#x645;&#x64A;&#x646; &#x628;&#x643; &#x646;&#x627;&#x635;&#x631; &#x627;&#x644;&#x62F;&#x64A;&#x646; &#x645;&#x646; &#x634;&#x639;&#x631;&#x627;&#x621; &#x644;&#x628;&#x646;&#x627;&#x646;-&#x642;&#x635;&#x64A;&#x62F;&#x629; &#x62D;&#x644;&#x64A;&#x645; &#x623;&#x641;&#x646;&#x62F;&#x64A; &#x625;&#x628;&#x631;&#x627;&#x647;&#x64A;&#x645; &#x62F;&#x645;&#x648;&#x633;-&#x642;&#x635;&#x64A;&#x62F;&#x629; &#x64A;&#x648;&#x633;&#x641; &#x623;&#x641;&#x646;&#x62F;&#x64A; &#x646;&#x639;&#x645;&#x627;&#x646; &#x628;&#x631;&#x64A;&#x62F;&#x64A;-&#x634;&#x639;&#x627;&#x626;&#x631; &#x627;&#x644;&#x639;&#x62B;&#x645;&#x627;&#x646;&#x64A;&#x629;-&#x642;&#x635;&#x64A;&#x62F;&#x629; &#x633;&#x644;&#x64A;&#x645;&#x627;&#x646; &#x623;&#x641;&#x646;&#x62F;&#x64A; &#x645;&#x635;&#x648;&#x64A;&#x639;-&#x642;&#x635;&#x64A;&#x62F;&#x629; &#x641;&#x648;&#x632;&#x64A; &#x623;&#x641;&#x646;&#x62F;&#x64A; &#x639;&#x64A;&#x633;&#x649; &#x645;&#x639;&#x644;&#x648;&#x641;-&#x642;&#x635;&#x64A;&#x62F;&#x629; &#x648;&#x62F;&#x64A;&#x639; &#x623;&#x641;&#x646;&#x62F;&#x64A; &#x62D;&#x62F;&#x627;&#x62F; &#x645;&#x646; &#x623;&#x62F;&#x628;&#x627;&#x621; &#x644;&#x628;&#x646;&#x627;&#x646;-&#x641;&#x64A; &#x645;&#x62F;&#x62D; &#x636;&#x64A;&#x641; &#x633;&#x648;&#x631;&#x64A;&#x629; &#x627;&#x644;&#x639;&#x638;&#x64A;&#x645;-&#x641;&#x64A; &#x628;&#x64A;&#x631;&#x648;&#x62A;... </subfield>
  </datafield>
  <datafield tag="600" ind1="1" ind2="7">
    <subfield code="a">&#x623;&#x646;&#x648;&#x631; &#x628;&#x627;&#x634;&#x627;&#x60C;</subfield>
    <subfield code="d">1881-1922</subfield>
    <subfield code="x">&#x631;&#x62D;&#x644;&#x627;&#x62A;</subfield>
    <subfield code="z">&#x627;&#x644;&#x633;&#x639;&#x648;&#x62F;&#x64A;&#x629;</subfield>
    <subfield code="z">&#x627;&#x644;&#x62D;&#x62C;&#x627;&#x632;</subfield>
    <subfield code="2">aucnm</subfield>
  </datafield>
  <datafield tag="600" ind1="0" ind2="7">
    <subfield code="a">&#x623;&#x646;&#x648;&#x631; &#x628;&#x627;&#x634;&#x627;&#x60C;</subfield>
    <subfield code="d">1881-1922</subfield>
    <subfield code="x">&#x631;&#x62D;&#x644;&#x627;&#x62A;</subfield>
    <subfield code="z">&#x628;&#x644;&#x627;&#x62F; &#x627;&#x644;&#x634;&#x627;&#x645;</subfield>
    <subfield code="2">aucnm</subfield>
  </datafield>
  <datafield tag="651" ind1=" " ind2="7">
    <subfield code="a">&#x628;&#x644;&#x627;&#x62F; &#x627;&#x644;&#x634;&#x627;&#x645;</subfield>
    <subfield code="x">&#x648;&#x635;&#x641; &#x648;&#x631;&#x62D;&#x644;&#x627;&#x62A;</subfield>
    <subfield code="2">aucsh</subfield>
  </datafield>
  <datafield tag="651" ind1=" " ind2="7">
    <subfield code="a">&#x627;&#x644;&#x62D;&#x62C;&#x627;&#x632; (&#x627;&#x644;&#x633;&#x639;&#x648;&#x62F;&#x64A;&#x629;)</subfield>
    <subfield code="x">&#x648;&#x635;&#x641; &#x648;&#x631;&#x62D;&#x644;&#x627;&#x62A;</subfield>
    <subfield code="2">aucsh</subfield>
  </datafield>
  <datafield tag="942" ind1=" " ind2=" ">
    <subfield code="2">ddc</subfield>
    <subfield code="c">BOOK</subfield>
    <subfield code="n">0</subfield>
  </datafield>
  <datafield tag="949" ind1=" " ind2=" ">
    <subfield code="a">SA-JeALM</subfield>
    <subfield code="d">250901</subfield>
    <subfield code="u">osman123</subfield>
    <subfield code="n">1</subfield>
  </datafield>
  <datafield tag="952" ind1=" " ind2=" ">
    <subfield code="0">0</subfield>
    <subfield code="1">0</subfield>
    <subfield code="2">ddc</subfield>
    <subfield code="4">0</subfield>
    <subfield code="7">0</subfield>
    <subfield code="a">WAHAB</subfield>
    <subfield code="b">WAHAB</subfield>
    <subfield code="d">2025-09-23</subfield>
    <subfield code="l">0</subfield>
    <subfield code="o">915.304 &#x645; &#x62D; &#x645;</subfield>
    <subfield code="p">000019355</subfield>
    <subfield code="r">2025-09-23 03:59:23</subfield>
    <subfield code="w">2025-09-23</subfield>
    <subfield code="y">BOOK</subfield>
  </datafield>
  <datafield tag="999" ind1=" " ind2=" ">
    <subfield code="c">12025</subfield>
    <subfield code="d">12025</subfield>
  </datafield>
</record>
